Responses for show #3169 - Thursday, May 14, 1998

1998 College Championship final game 1.
From Zellerbach Auditorium at the University of California-Berkeley.

Contestants

Andrew Hutchings, a senior at Harvey Mudd College from Tucson, Arizona

Shane Underwood, a junior at the University of Alabama from Summerdale, Alabama

Alex Weathers, a sophomore at MIT from Greenville, South Carolina

Jeopardy! Round responses

AFRICAN-AMERICANS
TRANSLATION
TV CHARACTERS
REALLY BIG
HOLIDAYS & OBSERVANCES
SCHOOL'S OUT!
    $100 6
Martin Luther King Jr.

Shane
    $100 26
Snoopy

Shane
    $100 21
Frasier

Andrew
    $100 11
Alaska

Alex
    $100 16
Valentine's Day

Shane
    $100 1
Appalachian Trail

Shane
    $200 7
Brandy

Andrew
    $200 27
"The Hunchback of Notre Dame"

Andrew
    $200 22
Lisa

Andrew
    $200 12
Great white shark

Alex
    $200 17
Groundhog Day

Alex
    $200 2
Resume

Shane
    $300 8
Thurgood Marshall

Shane
    $300 28
Mormon

Alex
    $300 23
Ally McBeal

Alex
    $300 13
Bells

Triple Stumper
    $300 18
Veterans Day

Shane
    $300 3
Sweden

Shane
    $400 9
Ed Bradley

Shane
    $400 29
John Keats

Alex
    $400 24
Clueless

Andrew
    $400 14
Lottery

Alex
    $400 19
Columbus Day

Shane
    $400 4
Acting

Triple Stumper
    $1,000 10
Alex Haley

Shane
    $500 30
South Africa

Alex
    $500 25
Mimi's mother

Triple Stumper
    $500 15
(Andrew: What is a power plant...an electrical power plant?)
(Shane: What is a nuclear power plant?)
(Alex T.: There are many nuclear reactors in a nuclear power plant.)

Nuclear reactor

ShaneAndrew
Triple Stumper
    $500 20
Labor Day

Shane
    $500 5
Daytona Beach

Shane

Scores at the first commercial break (after clue 14):

Alex Shane Andrew
$700 $2,900 $200

Scores at the end of the Jeopardy! Round:

Alex Shane Andrew
$2,400 $3,800 $600

Double Jeopardy! Round responses

CHARACTERS IN DICKENS BOOKS
(Alex: You identify the work for us.)
STAMP ACT
ANATOMY CLASS
A LONG TIME AGO
SPORTS ANNOUNCERS
PEACHES
(Alex: We have a lot of those in Georgia!)
    $200 6
"A Christmas Carol"

Andrew
    $200 18
Bugs Bunny

Shane
    $200 1
Skin

Shane
    $200 10
Alexander the Great

Shane
    $200 15
Frank Gifford

Shane
    $200 17
Nectarine

Alex
    $400 7
"Oliver Twist"

Andrew
    $400 23
Crossword puzzle

Alex
    $400 2
(Alex: What is the cerebellum?)

Cerebrum

AlexShane
    $400 11
Hammurabi

Alex
    $400 16
Harry Caray

Alex
    $400 27
(Alex: Who are Peaches and Cream?)

Peaches and Herb

AlexShane
    $600 8
"A Tale of Two Cities"

Andrew
    $600 24
Ben Franklin

Alex
    $600 3
Pelvis

Alex
    $600 12
Minoan

Andrew
    $600 19
Michigan

Shane
    $600 28
Peach Melba

Alex
    $800 9
"David Copperfield"

Triple Stumper
    $800 25
James McNeill Whistler

Alex
    $800 4
Eye

Shane
    $800 13
Plantagenet

Shane
    $800 20
Slam dunk

Shane
    $800 29
James and the Giant Peach

Alex
    $1,400 22
(Andrew: What is "David Copperfield?")

"The Old Curiosity Shop"

Andrew
    $1000 26
Scott Joplin

Andrew
    $1000 5
Lip

Andrew
    $1,200 14
Zeus

Shane
    $1000 21
Mixed doubles

Andrew
    $1000 30
"The Love Song of J. Alfred Prufrock"

Alex

Scores at the end of the Double Jeopardy! Round:

Alex Shane Andrew
$7,400 $9,600 $4,000

Final Jeopardy! Round responses

WORDS FROM THE BIBLE
AndrewWhat are Phillistines?
$4,000
AlexWhat [is] are Philistine
$6,000
ShaneWhat are urchins?
$7,100
Philistines

Final scores:

Alex Shane Andrew
$13,400 $2,500 $8,000

Game dynamics:

Coryat scores:

Alex Shane Andrew
$7,400 $8,900 $5,400
18 R,
2 W
24 R
(including 2 DDs),
1 W
12 R,
2 W
(including 1 DD)

Combined Coryat: $21,700

The J! Archive is created by fans, for fans. The Jeopardy! game show and all elements thereof, including but not limited to copyright and trademark thereto, are the property of Jeopardy Productions, Inc. and are protected under law. This website is not affiliated with, sponsored by, or operated by Jeopardy Productions, Inc. Join the discussion at JBoard.tv.